| 000 | 00622nam a22001697a 4500 | ||
|---|---|---|---|
| 003 | OSt | ||
| 005 | 20171010095448.0 | ||
| 008 | 120621t xxu||||| |||| 00| 0 eng d | ||
| 040 |
_aMMSU _cULS |
||
| 100 |
_aAgustin, Marlon, et al. _910540 |
||
| 245 |
_aComputer-based centralized air conditioning controller thru smart switch at the College of Engineering _cMarlon Agustin, et al. |
||
| 260 | _c2007 | ||
| 300 |
_ax, [73] leaves _c28 cm. |
||
| 500 | _aThesis (BS Electrical Engineering) -- Mariano Marcos State University-College of Engineering, Batac City | ||
| 504 | _aBibliography: leaf 43 | ||
| 942 |
_2ddc _cTHEDIS |
||
| 999 |
_c9579 _d9579 |
||